[Event "C.to Regionale Sicilia"]
[Site "Erice ITA"]
[Date "2009.06.01"]
[Round "4"]
[White "Piazza, Francesco"]
[Black "Mancuso, Fabrizio"]
[Result "1/2-1/2"]
[WhiteElo "1386"]
[BlackElo "1305"]
[PlyCount "44"]
[EventDate "2009.05.30"]

1. e4 e5 2. Nf3 Nc6 3. Bc4 Nf6 4. Nc3 Bb4 5. d3 O-O 6. O-O d6 7. Bg5 Bxc3 8.
bxc3 Bg4 9. h3 Bh5 10. Bd5 h6 11. Bh4 g5 12. g4 gxh4 13. Bxc6 bxc6 14. gxh5
Nxh5 15. Nh2 Qg5+ 16. Kh1 Kh8 17. Rg1 Qf6 18. Qxh5 Rg8 19. Ng4 Qf3+ 20. Kh2
Qf4+ 21. Kh1 Qf3+ 22. Kh2 Qf4+ 1/2-1/2

[Event "C.to Regionale Sicilia"]
[Site "Erice ITA"]
[Date "2009.06.01"]
[Round "4"]
[White "Savalla, Pietro"]
[Black "Tondo, Salvatore"]
[Result "0-1"]
[WhiteElo "1434"]
[BlackElo "1905"]
[PlyCount "132"]
[EventDate "2009.05.30"]

1. e4 c6 2. d4 g6 3. h3 Bg7 4. Nf3 d5 5. exd5 cxd5 6. Nc3 Nf6 7. Be3 O-O 8. Bd3
Nc6 9. O-O a6 10. Qd2 Re8 11. Bh6 Bh8 12. Rfe1 Nb4 13. a3 Nxd3 14. Qxd3 Bf5 15.
Qd2 Rc8 16. Rac1 b5 17. Nh4 Be6 18. Nf3 Qb6 19. Kh1 Rc4 20. b3 Rc7 21. Ne2 Rec8
22. Ng3 Rc3 23. Re3 Rxe3 24. Qxe3 Qa5 25. b4 Qc7 26. Qe5 Qxe5 27. Nxe5 Rc3 28.
Ra1 Rxc2 29. Kg1 Nd7 30. Nf3 f6 31. Re1 Kf7 32. h4 Rc3 33. Re3 Rc1+ 34. Re1 Rc4
35. Rc1 Nb6 36. Kf1 Bg7 37. Rxc4 dxc4 38. Bc1 Bd5 39. Ke2 Bxf3+ 40. Kxf3 f5 41.
Bb2 Nd5 42. Ne2 Ke6 43. g3 Kd6 44. Kg2 e5 45. dxe5+ Bxe5 46. Bxe5+ Kxe5 47. Kf1
Ke4 48. Ke1 Kd3 49. Kd1 Nc3+ 50. Nxc3 Kxc3 51. Kc1 Kb3 52. Kd2 Kb2 53. Ke3 c3
54. Kf4 c2 55. Kg5 c1=Q+ 56. f4 Qg1 57. Kh6 Qxg3 58. Kxh7 Qxh4+ 59. Kxg6 Qxf4
60. Kf6 Kc3 61. Ke7 Kd4 62. Kd7 Kd5 63. Ke7 Qh6 64. Kf7 Ke5 65. Kg8 Kf6 66. a4
Qg7# 0-1

[Event "C.to Regionale Sicilia"]
[Site "Erice ITA"]
[Date "2009.06.01"]
[Round "4"]
[White "Valguarnera, Girolamo"]
[Black "Pascucci, Marco"]
[Result "1-0"]
[WhiteElo "2127"]
[BlackElo "2022"]
[PlyCount "99"]
[EventDate "2009.05.30"]

1. d4 Nf6 2. Nf3 g6 3. c4 Bg7 4. Nc3 O-O 5. e4 d6 6. Be2 e5 7. d5 a5 8. Bg5 h6
9. Bd2 Na6 10. Qc2 Nc5 11. h3 Nh5 12. g3 f5 13. Nh4 fxe4 14. Nxe4 Nxe4 15. Qxe4
Bf5 16. Nxf5 gxf5 17. Qf3 Nf6 18. Qxf5 Qe7 19. Qg6 Qf7 20. Qxf7+ Rxf7 21. Be3
Kh8 22. O-O Raf8 23. Kg2 Ng8 24. Bg4 Ne7 25. Be6 Rf6 26. c5 c6 27. cxd6 Nxd5
28. Bxd5 cxd5 29. Bc5 Rd8 30. Rac1 Bf8 31. Rfd1 d4 32. f4 Bxd6 33. fxe5 Bxe5
34. Be7 Rd7 35. Bxf6+ Bxf6 36. Rd3 Bg5 37. Rcd1 Bf6 38. h4 Kg7 39. Kf3 Kf7 40.
Ke4 Re7+ 41. Kd5 Re6 42. Rf1 Ke7 43. Rdf3 Rd6+ 44. Ke4 h5 45. Kd3 Re6 46. R1f2
b6 47. Re2 Rxe2 48. Kxe2 d3+ 49. Kxd3 Bxb2 50. Rf5 1-0

[Event "C.to Regionale Sicilia"]
[Site "Erice ITA"]
[Date "2009.06.01"]
[Round "5"]
[White "Bentivegna, Francesco"]
[Black "Valguarnera, Girolamo"]
[Result "1-0"]
[WhiteElo "2326"]
[BlackElo "2127"]
[PlyCount "104"]
[EventDate "2009.05.30"]

1. e4 c6 2. d4 d5 3. e5 h5 4. Nc3 Bf5 5. Bd3 Qd7 6. Nf3 h4 7. h3 Na6 8. a3 f6
9. Bxf5 Qxf5 10. Qd3 Qxd3 11. cxd3 Nc7 12. Na4 e6 13. Bd2 Ne7 14. b4 Nf5 15.
Nc5 Rb8 16. Bf4 fxe5 17. Bxe5 Bd6 18. Bxd6 Nxd6 19. O-O Rh6 20. Rfe1 Ke7 21.
Ra2 Rf8 22. a4 Rf4 23. Ne5 Rxd4 24. Nxb7 Rf4 25. Nxc6+ Kd7 26. Ne5+ Ke7 27.
Nxd6 Kxd6 28. Rc2 Ne8 29. Rc6+ Ke7 30. Ra6 Nc7 31. Rxa7 Kd6 32. b5 Rh5 33. b6
Rxe5 34. Rxe5 Kxe5 35. bxc7 Rf8 36. Ra6 Rc8 37. Rc6 d4 38. Rc4 Kd5 39. f4 g5
40. fxg5 e5 41. Rc1 e4 42. dxe4+ Kxe4 43. Kf2 Kd3 44. Kf3 Kd2 45. Rc6 d3 46.
Kg4 Ke2 47. Kxh4 d2 48. Re6+ Kf2 49. Rd6 Ke2 50. g6 Rxc7 51. Rxd2+ Kxd2 52. Kg4
52... Ke2 {...} 1-0

[Event "C.to Regionale Sicilia"]
[Site "Erice ITA"]
[Date "2009.06.01"]
[Round "5"]
[White "Cerami, Giuseppe"]
[Black "Fontana, Giulio"]
[Result "1-0"]
[WhiteElo "1682"]
[BlackElo "1545"]
[PlyCount "51"]
[EventDate "2009.05.30"]

1. b4 d5 2. Bb2 Bg4 3. Nf3 Bxf3 4. exf3 e6 5. c4 c6 6. a4 Nf6 7. b5 Nbd7 8. Be2
Be7 9. O-O O-O 10. d3 Qc7 11. g3 Ne5 12. f4 Ng6 13. Nd2 Rad8 14. Qc2 c5 15.
Rad1 d4 16. Ne4 b6 17. Bc1 Nd7 18. Bf3 f5 19. Ng5 Qd6 20. Bg2 h6 21. Nxe6 Rf6
22. Nxd8 Bxd8 23. Rfe1 Bc7 24. Re2 Ngf8 25. Rde1 Rf7 26. Bd5 1-0

[Event "C.to Regionale Sicilia"]
[Site "Erice ITA"]
[Date "2009.06.01"]
[Round "5"]
[White "Dagnino, Marcello"]
[Black "Miles, Raymond"]
[Result "1/2-1/2"]
[WhiteElo "1419"]
[BlackElo "1434"]
[PlyCount "129"]
[EventDate "2009.05.30"]

1. e4 c5 2. Nf3 d6 3. d4 cxd4 4. Nxd4 Nf6 5. Nc3 a6 6. Be2 e5 7. Nf3 Be7 8. O-O
O-O 9. Bc4 Nbd7 10. Ng5 b5 11. Bb3 Bb7 12. f3 Rc8 13. a3 Nb6 14. Be3 h6 15. Nh3
Re8 16. Qc1 Bf8 17. Nf2 Re7 18. Ng4 Nxg4 19. fxg4 Rd7 20. g5 d5 21. exd5 Bxd5
22. Bxd5 Nxd5 23. Nxd5 Rxd5 24. gxh6 Bc5 25. c3 Bxe3+ 26. Qxe3 gxh6 27. Qxh6
Rd6 28. Qe3 Qb6 29. Qxb6 Rxb6 30. Rad1 e4 31. g4 Re8 32. Rd7 e3 33. Rdxf7 e2
34. R7f2 exf1=Q+ 35. Kxf1 Rf8 36. h4 Rxf2+ 37. Kxf2 Rg6 38. Kg3 Kh7 39. Kf4 Kg7
40. g5 Kf7 41. h5 Rg8 42. Kf5 Rf8 43. g6+ Kg7+ 44. Kg5 Rh8 45. b3 Rc8 46. h6+
Kh8 47. c4 bxc4 48. bxc4 Rxc4 49. Kf6 Rh4 50. h7 Rf4+ 51. Kg5 Rf1 52. Kh6 Rh1+
53. Kg5 Kg7 54. a4 Rg1+ 55. Kf5 Rxg6 56. h8=Q+ Kxh8 57. Kxg6 Kg8 58. Kf6 Kf8
59. Ke6 Ke8 60. Kd6 Kd8 61. Kc6 Kc8 62. Kb6 Kb8 63. Kxa6 Ka8 64. a5 Kb8 65. Kb6
1/2-1/2

[Event "C.to Regionale Sicilia"]
[Site "Erice ITA"]
[Date "2009.06.01"]
[Round "5"]
[White "Di Via, Saverio"]
[Black "Savalla, Pietro"]
[Result "1-0"]
[WhiteElo "1740"]
[BlackElo "1434"]
[PlyCount "89"]
[EventDate "2009.05.30"]

1. e4 e5 2. Nf3 Nf6 3. Nxe5 Nc6 4. Nxc6 dxc6 5. d3 Bc5 6. h3 h6 7. Be2 O-O 8.
Nd2 Re8 9. Nf3 Bb6 10. Bd2 Be6 11. Bc3 c5 12. b3 c6 13. Qd2 Bc7 14. O-O-O Rc8
15. g4 b6 16. Kb1 Nd7 17. Rdg1 f6 18. Nh4 Be5 19. Bxe5 Nxe5 20. f4 Nf7 21. Nf3
b5 22. h4 a5 23. g5 a4 24. f5 Bd7 25. gxh6 Kf8 26. hxg7+ Ke7 27. d4 axb3 28.
axb3 Qb6 29. Rd1 Ra8 30. dxc5 Qa7 31. Qc3 Rg8 32. Rhg1 Qa2+ 33. Kc1 Qa1+ 34.
Qxa1 Rxa1+ 35. Kb2 Rxd1 36. Bxd1 Nh6 37. Rg6 Nf7 38. h5 Be8 39. h6 Nxh6 40.
Rxh6 Rxg7 41. e5 Rf7 42. e6 Rg7 43. Nd4 Kf8 44. Bf3 Ke7 45. Bxc6 1-0

[Event "C.to Regionale Sicilia"]
[Site "Erice ITA"]
[Date "2009.06.01"]
[Round "5"]
[White "Fiducioso, Marco"]
[Black "Ferrante, Marco"]
[Result "1-0"]
[WhiteElo "2124"]
[BlackElo "2113"]
[PlyCount "67"]
[EventDate "2009.05.30"]

1. e4 e6 2. d4 d5 3. e5 c5 4. c3 Nc6 5. Nf3 f6 6. Bd3 Qc7 7. Bf4 Qf7 8. O-O g5
9. Bg3 g4 10. Nh4 f5 11. f3 h5 12. b4 cxb4 13. c4 Nge7 14. Nd2 Nxd4 15. Nb3
Ndc6 16. Be2 Qg8 17. Re1 Bh6 18. f4 Qf7 19. Qd2 O-O 20. Qb2 b6 21. Rad1 Bb7 22.
a3 bxa3 23. Qxa3 Rfd8 24. Qb2 dxc4 25. Bxc4 Rxd1 26. Rxd1 Rd8 27. Rd6 Rxd6 28.
exd6 Nd5 29. Qd2 a6 30. Nd4 Nxd4 31. Qxd4 Bg7 32. Qd3 b5 33. Ba2 Qf6 34. d7 {
...} 1-0

[Event "C.to Regionale Sicilia"]
[Site "Erice ITA"]
[Date "2009.06.01"]
[Round "5"]
[White "Gangemi, Salvatore"]
[Black "Bertino, Giacomo"]
[Result "1-0"]
[WhiteElo "2100"]
[BlackElo "2027"]
[PlyCount "81"]
[EventDate "2009.05.30"]

1. c4 e6 2. Nf3 Nf6 3. Nc3 d5 4. d4 Be7 5. Bg5 O-O 6. e3 h6 7. Bxf6 Bxf6 8. Bd3
b6 9. O-O Bb7 10. cxd5 exd5 11. Rc1 c5 12. Re1 Re8 13. Bb1 c4 14. b3 cxb3 15.
Qxb3 Na6 16. Nb5 Qd7 17. Bd3 Bc6 18. Qb1 g6 19. Nxa7 Rxa7 20. Bxg6 fxg6 21.
Qxg6+ Qg7 22. Qxg7+ Kxg7 23. Rxc6 b5 24. h4 Rb8 25. Rb1 Rbb7 26. g4 Nb8 27. Rc5
b4 28. Rb2 Rd7 29. g5 hxg5 30. hxg5 Be7 31. Rc8 Bd6 32. Nh4 Na6 33. f4 Be7 34.
Kg2 Nc7 35. Kf3 Ne6 36. Kg4 Ra3 37. Nf5+ Kf7 38. Rh2 Nf8 39. Rh8 Ng6 40. Nh6+
Kg7 41. Rcg8# 1-0

[Event "C.to Regionale Sicilia"]
[Site "Erice ITA"]
[Date "2009.06.01"]
[Round "5"]
[White "Giannilivigni, Marco"]
[Black "Lo Piccolo, Antonino"]
[Result "0-1"]
[WhiteElo "1431"]
[BlackElo "1680"]
[PlyCount "93"]
[EventDate "2009.05.30"]

1. c4 Nf6 2. Nc3 g6 3. Nf3 Bg7 4. g3 O-O 5. Bg2 d6 6. e3 e5 7. d4 Nbd7 8. O-O
c6 9. b3 Re8 10. Bb2 Qa5 11. Qc2 Nf8 12. e4 exd4 13. Nxd4 Ne6 14. Nf3 Nc5 15.
Nd2 Be6 16. a3 Qc7 17. Rfe1 a5 18. a4 Qb6 19. Ba3 Ng4 20. Re2 Rad8 21. h3 Ne5
22. Bxc5 Qxc5 23. Rd1 f5 24. Kh2 Nf7 25. exf5 Bxf5 26. Be4 Qd4 27. Ndb1 Bxe4
28. Rxe4 Qf6 29. Rde1 Rxe4 30. Rxe4 Ng5 31. Re3 Nf3+ 32. Kg2 Rf8 33. Ne4 Qf5
34. Nbd2 Nd4 35. Qd3 d5 36. cxd5 cxd5 37. Nd6 Qxf2+ 38. Kh1 b6 39. Nb1 Qf1+ 40.
Qxf1 Rxf1+ 41. Kg2 Rxb1 42. Re8+ Bf8 43. Nb7 Rb2+ 44. Kf1 Rxb3 45. Nd8 Rxg3 46.
Ne6 Nxe6 47. Rxe6 0-1

[Event "C.to Regionale Sicilia"]
[Site "Erice ITA"]
[Date "2009.06.01"]
[Round "5"]
[White "Gigante, Giovanni"]
[Black "Meo, Antonino"]
[Result "1/2-1/2"]
[WhiteElo "1773"]
[BlackElo "1434"]
[PlyCount "46"]
[EventDate "2009.05.30"]

1. e4 d6 2. d4 g6 3. Nc3 Bg7 4. Be3 Nf6 5. h3 O-O 6. f4 b6 7. e5 dxe5 8. dxe5
Qxd1+ 9. Rxd1 Nfd7 10. Nb5 Na6 11. c3 Rd8 12. Bc4 Bb7 13. Kf2 Ndc5 14. Rxd8+
Rxd8 15. Bxc5 Nxc5 16. Nf3 Ne4+ 17. Ke3 Ng3 18. Re1 Bh6 19. Ng5 Nf5+ 20. Kf2 e6
21. g4 Bxg5 22. gxf5 Bh4+ 23. Ke2 Bxe1 1/2-1/2

[Event "C.to Regionale Sicilia"]
[Site "Erice ITA"]
[Date "2009.06.01"]
[Round "5"]
[White "Guarino, Giuseppe"]
[Black "Piazza, Francesco"]
[Result "1-0"]
[WhiteElo "1503"]
[BlackElo "1386"]
[PlyCount "135"]
[EventDate "2009.05.30"]

1. e4 e5 2. Nf3 Nc6 3. Bb5 d6 4. O-O Nf6 5. d3 Bg4 6. Nbd2 a6 7. Bxc6+ bxc6 8.
c4 d5 9. Qa4 dxe4 10. Qxc6+ Qd7 11. Qxa8+ Qd8 12. Qxd8+ Kxd8 13. Nxe5 Ke8 14.
Nxe4 Bf5 15. Nxf6+ gxf6 16. Nf3 Bxd3 17. Re1+ Kd8 18. b3 Bg7 19. Bb2 Kc8 20.
Re7 Bg6 21. Rae1 Kd8 22. Ba3 f5 23. Nh4 Bf6 24. Nxg6 fxg6 25. Rf7 Bc3 26. Ree7
Kc8 27. Rxc7+ Kb8 28. Rb7+ Ka8 29. Bd6 Bd4 30. c5 Bxc5 31. Ra7+ Bxa7 32. Rf8+
Rxf8 33. Bxf8 h5 34. Bh6 Kb7 35. Kf1 Kc6 36. a4 Kd5 37. Ke2 Bc5 38. f3 Ke5 39.
Bd2 Kf6 40. b4 Ba7 41. b5 axb5 42. axb5 g5 43. Be3 Bb8 44. h3 f4 45. Bf2 Kf5
46. b6 g4 47. Bh4 gxh3 48. gxh3 Ke6 49. Bd8 Kd6 50. Kd3 Kc6 51. Bc7 Bxc7 52.
bxc7 Kxc7 53. Ke4 Kd6 54. Kxf4 Ke6 55. Kg5 Kf7 56. Kxh5 Kf6 57. Kg4 Kg6 58. f4
Kf6 59. h4 Kg6 60. h5+ Kh6 61. Kf5 Kxh5 62. Kf6 Kh6 63. f5 Kh7 64. Ke7 Kg7 65.
f6+ Kg8 66. f7+ Kh7 67. f8=Q Kg6 68. Qf6+ 1-0

[Event "C.to Regionale Sicilia"]
[Site "Erice ITA"]
[Date "2009.06.01"]
[Round "5"]
[White "Mancuso, Fabrizio"]
[Black "Pantano, Giuseppe"]
[Result "0-1"]
[WhiteElo "1305"]
[BlackElo "1557"]
[PlyCount "77"]
[EventDate "2009.05.30"]

1. e4 d6 2. d4 Nf6 3. Nc3 g6 4. Nf3 Bg7 5. Bf4 O-O 6. h3 Nc6 7. d5 Nb8 8. Qd2
e5 9. Bh6 Qe7 10. Qg5 c6 11. h4 Bxh6 12. Qxh6 Nh5 13. dxc6 bxc6 14. O-O-O f6
15. Bc4+ Be6 16. Bxe6+ Qxe6 17. b3 Nd7 18. Qd2 Nb6 19. Qxd6 Qg4 20. Ne1 Qf4+
21. Rd2 Rad8 22. Qe6+ Kh8 23. Nf3 Rxd2 24. Nxd2 Rd8 25. Rd1 Qxf2 26. g4 Ng3 27.
g5 fxg5 28. hxg5 Qf4 29. Ncb1 Qxg5 30. Kb2 Qf4 31. Qxc6 Rd7 32. Qc5 Nxe4 33.
Qb4 Nxd2 34. Rxd2 Qxb4 35. Rxd7 Nxd7 36. c3 Qf4 37. a3 Qf2+ 38. Ka1 Nc5 39. Nd2
0-1

[Event "C.to Regionale Sicilia"]
[Site "Erice ITA"]
[Date "2009.06.01"]
[Round "5"]
[White "Messina, Damiano"]
[Black "Montalto, Antonio"]
[Result "1/2-1/2"]
[WhiteElo "2003"]
[BlackElo "1811"]
[PlyCount "74"]
[EventDate "2009.05.30"]

1. e4 e5 2. Nf3 Nc6 3. Bb5 a6 4. Ba4 Nf6 5. O-O b5 6. Bb3 d6 7. Ng5 Be6 8. Nxe6
fxe6 9. Bxe6 Nd4 10. Bb3 Nxb3 11. axb3 Nxe4 12. d4 Nf6 13. Re1 Be7 14. dxe5
dxe5 15. Qxd8+ Kxd8 16. Rxe5 Bd6 17. Re1 Rf8 18. h3 h6 19. Nc3 Kd7 20. Rd1 Kc6
21. Be3 Kb7 22. Ne2 Rad8 23. Nd4 Rd7 24. c4 b4 25. Ra5 c5 26. Ne6 Re8 27. Nxc5+
Bxc5 28. Rxd7+ Nxd7 29. Bxc5 Nxc5 30. Rxc5 Re1+ 31. Kh2 Re2 32. Rf5 Rxb2 33.
Rf3 Kc6 34. Kg3 Kc5 35. Rd3 Rc2 36. Kf3 a5 37. Ke3 a4 1/2-1/2

[Event "C.to Regionale Sicilia"]
[Site "Erice ITA"]
[Date "2009.06.01"]
[Round "5"]
[White "Monaco, Alessandro"]
[Black "Melograni, Francesco"]
[Result "0-1"]
[WhiteElo "1599"]
[BlackElo "1730"]
[PlyCount "65"]
[EventDate "2009.05.30"]

1. e4 e5 2. Nc3 Nc6 3. Bc4 Bc5 4. Nge2 d6 5. Ng3 Nge7 6. d3 O-O 7. O-O Be6 8.
Na4 Bb6 9. Nxb6 axb6 10. Bxe6 fxe6 11. c3 Ng6 12. Qg4 Qd7 13. Ne2 Rf7 14. h4
Raf8 15. g3 Kh8 16. Kg2 d5 17. h5 Nge7 18. Bg5 Ng8 19. Rad1 Nf6 20. Bxf6 gxf6
21. exd5 Qxd5+ 22. Qe4 Qxa2 23. b4 f5 24. Qf3 f4 25. Ra1 Qxe2 26. Rae1 Qxf3+
27. Kxf3 fxg3+ 28. Kxg3 Rg8+ 29. Kh3 Rf5 30. Re4 Rxh5+ 31. Rh4 Rhg5 32. Re1 Ne7
33. d4 0-1

[Event "C.to Regionale Sicilia"]
[Site "Erice ITA"]
[Date "2009.06.01"]
[Round "5"]
[White "Pascucci, Marco"]
[Black "Campo, Renato"]
[Result "0-1"]
[WhiteElo "2022"]
[BlackElo "2008"]
[PlyCount "54"]
[EventDate "2009.05.30"]

1. d4 d5 2. Nc3 Nf6 3. Bg5 c6 4. Bxf6 gxf6 5. e4 Qb6 6. exd5 Qxb2 7. Nge2 Bh6
8. dxc6 bxc6 9. Rb1 Qa3 10. Qd3 Ba6 11. Qh3 Bg7 12. Qg3 O-O 13. Nf4 Qa5 14. Rb5
Qc7 15. Re5 Kh8 16. Rg5 fxg5 17. Ng6+ fxg6 18. Qxc7 Bxd4 19. Ne4 Bxf1 20. Kxf1
Na6 21. Qa5 Rab8 22. g3 Nc5 23. Qd2 Rbd8 24. Nxc5 Bxc5 25. Qc3+ Bd4 26. Qxc6
Rxf2+ 27. Ke1 Rb8 0-1

[Event "C.to Regionale Sicilia"]
[Site "Erice ITA"]
[Date "2009.06.01"]
[Round "5"]
[White "Piazza, Dario"]
[Black "Arini, Mario"]
[Result "1-0"]
[WhiteElo "1521"]
[BlackElo "1639"]
[PlyCount "79"]
[EventDate "2009.05.30"]

1. e4 c5 2. Nf3 a6 3. Nc3 e6 4. d4 cxd4 5. Nxd4 Nc6 6. Nxc6 bxc6 7. Bf4 Nf6 8.
Bd6 Bxd6 9. Qxd6 Qe7 10. Qxe7+ Kxe7 11. Bd3 d5 12. exd5 cxd5 13. O-O Bb7 14.
Rfe1 h5 15. Na4 Nd7 16. Rac1 Bc6 17. Nc3 g6 18. Re2 Rhe8 19. Rce1 Kd6 20. Nd1
Nc5 21. Rd2 a5 22. Ne3 a4 23. a3 Rab8 24. c4 Nxd3 25. Rxd3 f5 26. cxd5 exd5 27.
Nc4+ Kc7 28. Rxe8 Rxe8 29. Ne3 Kd6 30. h3 Rb8 31. f4 Re8 32. Nc4+ Kc7 33. Ne5
Re6 34. Kf2 Kd6 35. Rc3 Kc7 36. Ke3 g5 37. g3 g4 38. hxg4 fxg4 39. Kd4 Kd6 40.
Rxc6+ 1-0

[Event "C.to Regionale Sicilia"]
[Site "Erice ITA"]
[Date "2009.06.01"]
[Round "5"]
[White "Salvaggio, Salvatore"]
[Black "Ferrante, Filippo"]
[Result "0-1"]
[WhiteElo "1760"]
[BlackElo "1587"]
[PlyCount "56"]
[EventDate "2009.05.30"]

1. d4 e6 2. c4 d5 3. Nc3 Nf6 4. Nf3 c6 5. Bg5 Nbd7 6. e3 Qa5 7. Nd2 dxc4 8.
Bxf6 Nxf6 9. Bxc4 Bd6 10. O-O Qc7 11. h3 Bd7 12. e4 e5 13. d5 O-O-O 14. a3 h6
15. b4 g5 16. dxc6 Bxc6 17. Nd5 Nxd5 18. exd5 Bd7 19. Rc1 Kb8 20. Ne4 g4 21.
Be2 Qb6 22. h4 f5 23. Nxd6 Qxd6 24. Qc2 f4 25. Qc5 Bf5 26. Rfd1 Rh7 27. Bc4 Rc7
28. Qa5 Rdc8 0-1

[Event "C.to Regionale Sicilia"]
[Site "Erice ITA"]
[Date "2009.06.01"]
[Round "5"]
[White "Schinelli, Nicolo'"]
[Black "Napolitano, Giuseppe"]
[Result "0-1"]
[WhiteElo "1377"]
[BlackElo "1335"]
[PlyCount "126"]
[EventDate "2009.05.30"]

1. e4 e5 2. Nf3 Nc6 3. Bc4 Be7 4. O-O h6 5. Nc3 Nf6 6. d3 d6 7. h3 a6 8. Qd2
Na5 9. b3 Nxc4 10. dxc4 Bd7 11. Ba3 Bc6 12. Rfe1 b5 13. cxb5 axb5 14. Bb4 O-O
15. a4 bxa4 16. Nxa4 Nxe4 17. Qd3 Nf6 18. Qd1 Qb8 19. c3 Re8 20. Nb2 Rxa1 21.
Qxa1 Bd5 22. Qd1 c5 23. c4 Be6 24. Bd2 Bd8 25. Na4 Bf5 26. g4 Be6 27. h4 Nxg4
28. Rf1 e4 29. Nh2 Nxh2 30. Kxh2 d5+ 31. Kg1 dxc4 32. bxc4 Bxc4 33. Re1 Qb3 34.
Qxb3 Bxb3 35. Nxc5 Bc4 36. Rc1 Bd3 37. Re1 Kf8 38. Nxd3 exd3 39. Rd1 Re2 40.
Bb4+ Kg8 41. Rxd3 Bxh4 42. f4 Bf2+ 43. Kh1 Re3 44. Rd2 Be1 45. Rd8+ Kh7 46. Bc5
Rf3 47. Rd1 Bh4 48. Bd6 Rg3 49. f5 Rf3 50. Rd4 Bf6 51. Rd5 g6 52. fxg6+ Kxg6
53. Rd4 Bxd4 54. Kg2 Rd3 55. Bg3 Kg5 56. Bf2 Bxf2 57. Kxf2 Kf4 58. Ke2 Re3+ 59.
Kd2 Kf3 60. Kd1 Re2 61. Kc1 Rh2 62. Kd1 Ke3 63. Ke1 Rh1# 0-1

[Event "C.to Regionale Sicilia"]
[Site "Erice ITA"]
[Date "2009.06.01"]
[Round "5"]
[White "Tondo, Salvatore"]
[Black "Meli, Massimo"]
[Result "1-0"]
[WhiteElo "1905"]
[BlackElo "1908"]
[PlyCount "65"]
[EventDate "2009.05.30"]

1. e4 e5 2. Nf3 Nc6 3. Bb5 a6 4. Bxc6 dxc6 5. Nc3 Qd6 6. d4 exd4 7. Qxd4 Be6 8.
Be3 c5 9. Qd2 O-O-O 10. O-O-O Be7 11. Qe2 Qb6 12. Rxd8+ Bxd8 13. Rd1 Be7 14.
Nd2 Qd6 15. f4 Qc6 16. f5 Bd7 17. Nd5 Bf6 18. Nb3 Qa4 19. Nxf6 Nxf6 20. e5 Bb5
21. Qf3 Bc6 22. Qg3 Nh5 23. Qg5 c4 24. Rd4 Qxa2 25. Rxc4 g6 26. g4 a5 27. gxh5
a4 28. Qf6 Re8 29. Nd2 Qa1+ 30. Nb1 Bd5 31. Rxc7+ Kxc7 32. Qd6+ Kc8 33. Bb6 1-0

[Event "C.to Regionale Sicilia"]
[Site "Erice ITA"]
[Date "2009.06.02"]
[Round "6"]
[White "Bertino, Giacomo"]
[Black "Ferrante, Filippo"]
[Result "1-0"]
[WhiteElo "2027"]
[BlackElo "1587"]
[PlyCount "73"]
[EventDate "2009.05.30"]

1. Nf3 e6 2. d4 d5 3. e3 Nf6 4. Bd3 c5 5. c3 Nc6 6. O-O cxd4 7. exd4 g6 8. Re1
Bg7 9. Nbd2 O-O 10. Nb3 b6 11. Bg5 Re8 12. Ne5 Qc7 13. Bb5 Bd7 14. a4 Nxe5 15.
dxe5 Ne4 16. Bxd7 Qxd7 17. Rxe4 Qc7 18. Rh4 Bxe5 19. f4 Bg7 20. Kh1 h5 21. Rh3
f6 22. Bh4 Qc4 23. Nd4 e5 24. fxe5 Rxe5 25. b3 Qa6 26. Bg3 Re4 27. Nb5 Rae8 28.
Qxd5+ Kh8 29. c4 Qa5 30. Qd1 Bf8 31. Rh4 Re3 32. Rf4 R3e4 33. Rxf6 Bg7 34. Rxg6
Bxa1 35. Qxa1+ R8e5 36. Bxe5+ Kh7 37. Rg7+ 1-0

[Event "C.to Regionale Sicilia"]
[Site "Erice ITA"]
[Date "2009.06.02"]
[Round "6"]
[White "Campo, Renato"]
[Black "Gangemi, Salvatore"]
[Result "1-0"]
[WhiteElo "2008"]
[BlackElo "2100"]
[PlyCount "83"]
[EventDate "2009.05.30"]

1. e4 d5 2. exd5 Qxd5 3. Nc3 Qd8 4. d4 Nf6 5. Nf3 c6 6. Bc4 e6 7. Bg5 Be7 8.
Qe2 Nbd7 9. Bd3 Qb6 10. Rb1 O-O 11. O-O Re8 12. Ne4 Qc7 13. Nxf6+ Nxf6 14. Ne5
Rf8 15. c3 Nd5 16. Qe4 f5 17. Qh4 Bxg5 18. Qxg5 Qe7 19. Qd2 Qh4 20. g3 Qf6 21.
c4 Ne7 22. f4 Rd8 23. Qe3 Ng6 24. Rbd1 Bd7 25. Rfe1 Nf8 26. c5 Be8 27. Bc4 Kh8
28. b4 a6 29. a4 h6 30. Qb3 Ng6 31. Nxg6+ Qxg6 32. Rxe6 Qh5 33. Be2 Qh3 34. Qe3
Bf7 35. Re7 Bd5 36. Bf3 Bxf3 37. Qxf3 Re8 38. Rde1 Red8 39. Qc3 Qh5 40. Qc4 Qg6
41. Rxb7 Re8 42. Ree7 1-0

[Event "C.to Regionale Sicilia"]
[Site "Erice ITA"]
[Date "2009.06.02"]
[Round "6"]
[White "Dagnino, Marcello"]
[Black "Mancuso, Fabrizio"]
[Result "1/2-1/2"]
[WhiteElo "1419"]
[BlackElo "1305"]
[PlyCount "93"]
[EventDate "2009.05.30"]

1. e4 e5 2. Nf3 Nc6 3. d4 exd4 4. Nxd4 Nxd4 5. Qxd4 Nf6 6. Bd3 d6 7. h3 c5 8.
Qe3 g6 9. Nc3 Bg7 10. O-O O-O 11. Qf3 a6 12. a4 Be6 13. Bg5 h6 14. Bh4 c4 15.
Be2 g5 16. Bg3 d5 17. exd5 Nxd5 18. Rfd1 Bxc3 19. bxc3 Qa5 20. Be5 f6 21. Bd4
Nf4 22. Qe3 Qf5 23. Bg4 Qd5 24. Bxe6+ Qxe6 25. Qxe6+ Nxe6 26. Bb6 f5 27. Rd7
Rab8 28. Rad1 Nf4 29. Re1 Rfe8 30. Rde7 Kf8 31. Bc5 Rxe7 32. Bxe7+ Kf7 33. Bd6
Re8 34. Rxe8 Kxe8 35. Bxf4 gxf4 36. Kf1 Kd7 37. Ke2 Kc6 38. Kf3 b5 39. a5 Kc5
40. Ke2 b4 41. Kd2 Kb5 42. cxb4 Kxb4 43. c3+ Kxa5 44. Kc2 Ka4 45. Kb2 a5 46. f3
h5 47. h4 1/2-1/2

[Event "C.to Regionale Sicilia"]
[Site "Erice ITA"]
[Date "2009.06.02"]
[Round "6"]
[White "Di Via, Saverio"]
[Black "Messina, Damiano"]
[Result "1/2-1/2"]
[WhiteElo "1740"]
[BlackElo "2003"]
[PlyCount "75"]
[EventDate "2009.05.30"]

1. e4 c5 2. Nf3 e6 3. c3 d5 4. exd5 exd5 5. d4 Nf6 6. Bg5 Be6 7. Bd3 Nbd7 8.
O-O Bd6 9. Re1 O-O 10. Qc2 Qb6 11. Nbd2 c4 12. Bf1 Qc7 13. g3 h6 14. Be3 Ng4
15. Nh4 Nxe3 16. Rxe3 Be7 17. Ndf3 Bf6 18. Nf5 b5 19. Bh3 Rfe8 20. Rae1 Nf8 21.
Ne5 Bxe5 22. Rxe5 Qd7 23. Qe2 Ng6 24. Rxe6 Rxe6 25. Nxh6+ gxh6 26. Bxe6 Qxe6
27. Qxe6 fxe6 28. Rxe6 Kg7 29. f4 Rf8 30. Rd6 Ne7 31. Rd7 Rf7 32. Rxa7 Nf5 33.
Rxf7+ Kxf7 34. Kf2 Nd6 35. a3 Kf6 36. g4 Ne4+ 37. Ke2 Kg6 38. Kf3 1/2-1/2

[Event "C.to Regionale Sicilia"]
[Site "Erice ITA"]
[Date "2009.06.02"]
[Round "6"]
[White "Fiducioso, Marco"]
[Black "Bentivegna, Francesco"]
[Result "1/2-1/2"]
[WhiteElo "2124"]
[BlackElo "2326"]
[PlyCount "54"]
[EventDate "2009.05.30"]

1. c4 e5 2. Nc3 Nc6 3. g3 Bc5 4. Bg2 a6 5. e3 d6 6. Nge2 Ba7 7. O-O Nge7 8. d4
O-O 9. a3 exd4 10. Nxd4 Nxd4 11. exd4 Nf5 12. d5 Re8 13. Re1 Rxe1+ 14. Qxe1 Bd7
15. Bf4 Qf6 16. Qd2 Nd4 17. Re1 g5 18. Be3 Nf3+ 19. Bxf3 Qxf3 20. Qe2 Qxe2 21.
Rxe2 Bg4 22. Rd2 Bxe3 23. fxe3 Re8 24. Rd3 Bd7 25. Kf2 Kg7 26. b4 b6 27. c5
bxc5 1/2-1/2

[Event "C.to Regionale Sicilia"]
[Site "Erice ITA"]
[Date "2009.06.02"]
[Round "6"]
[White "Lo Piccolo, Antonino"]
[Black "Piazza, Dario"]
[Result "1-0"]
[WhiteElo "1680"]
[BlackElo "1521"]
[PlyCount "121"]
[EventDate "2009.05.30"]

1. e4 e5 2. Nf3 Nc6 3. Bb5 a6 4. Ba4 Bc5 5. O-O Nge7 6. Nxe5 Nxe5 7. d4 Bxd4 8.
Qxd4 N7g6 9. f4 Ng4 10. Qxg7 Qf6 11. Qxf6 Nxf6 12. Nc3 Rg8 13. e5 Nh5 14. Kh1
b5 15. Bb3 Bb7 16. Bd5 Rb8 17. Bxb7 Rxb7 18. Ne4 Nh4 19. g3 Nf5 20. Bd2 Rb6 21.
Rf3 Rbg6 22. a4 Nd4 23. Rd3 Nxc2 24. Rc1 Rc6 25. axb5 axb5 26. Rd5 Nb4 27. Rxb5
Rxc1+ 28. Bxc1 Nc6 29. Rb7 Kd8 30. Be3 Rg6 31. Rb3 Rg4 32. Nf2 Rg8 33. Ra3 Ke7
34. g4 Ng7 35. Bc5+ d6 36. exd6+ cxd6 37. Re3+ Kd7 38. Rd3 Ne8 39. Ne4 Rxg4 40.
Bxd6 Ke6 41. h3 Rh4 42. Kg2 Nxd6 43. Rxd6+ Kf5 44. Ng3+ Kxf4 45. Rxc6 Kg5 46.
Rc5+ Kg6 47. Rb5 Rf4 48. b4 f5 49. Rb8 h5 50. b5 Rb4 51. b6 Rb2+ 52. Kf3 Rb3+
53. Kf2 Kg5 54. Nxf5 Kxf5 55. b7 Rb2+ 56. Ke3 Rb3+ 57. Kd4 Rxh3 58. Rf8+ Ke6
59. b8=Q Rh4+ 60. Kc5 Re4 61. Qd6# 1-0